| 000 | 00592nam a22001577a 4500 | ||
|---|---|---|---|
| 003 | macl | ||
| 005 | 20181103165232.0 | ||
| 008 | 181017b xxu||||| |||| 00| 0 eng d | ||
| 040 | _cmacl | ||
| 082 | _a001 | ||
| 100 |
_aउपकार _973042 |
||
| 245 | _aमध्य प्रदेश जेल पहरी वनरक्षक क्षेत्ररक्षक संयुक्त भर्ती परीक्षा 24 सॉल्वड पेपर्स | ||
| 260 |
_aदिल्ली _b उपकार _c2018 |
||
| 650 |
_agk _973154 |
||
| 942 |
_2ddc _cHIN |
||
| 999 |
_c58434 _d58434 |
||